Central Library OPAC University of Rajshahi

Abrasives / (Record no. 11501)

MARC details
000 -LEADER
fixed length control field 00817nam a2200289 4500
001 - CONTROL NUMBER
control field 11501
003 - CONTROL NUMBER IDENTIFIER
rucl marc code BD-RjUL
005 - DATE AND TIME OF LATEST TRANSACTION
control field 20211208235133.0
008 - FIXED-LENGTH DATA ELEMENTS--GENERAL INFORMATION
fixed length control field 140127s1971 nyua b 001 0 eng
020 ## - INTERNATIONAL STANDARD BOOK NUMBER
International Standard Book Number 0387809686
International Standard Book Number 3211809686
035 ## - SYSTEM CONTROL NUMBER
System control number (BD-RjUL)11550
040 ## - CATALOGING SOURCE
Original cataloging agency DLC
Transcribing agency DLC
Modifying agency DLC
-- BD-RjUL
Language of cataloging eng
041 ## - LANGUAGE CODE
Language code of text/sound track or separate title eng
082 00 - DEWEY DECIMAL CLASSIFICATION NUMBER
Classification number 553.65
Author mark and year COA
100 1# - MAIN ENTRY--PERSONAL NAME
Personal name Coes, L.,
Dates associated with a name 1915-
Fuller form of name (Loring)
9 (RLIN) 35575
245 00 - TITLE STATEMENT
Title Abrasives /
Statement of responsibility, etc. [by] L. Coes, Jr.
260 ## - PUBLICATION, DISTRIBUTION, ETC. (IMPRINT)
Place of publication, distribution, etc. New York :
Name of publisher, distributor, etc. Springer-Verlag,
Date of publication, distribution, etc. c1971.
300 ## - PHYSICAL DESCRIPTION
Pagination viii, 177 p. :
Illustrations illus. ;
Size 25 cm.
490 0# - SERIES STATEMENT
Series statement Applied mineralogy
Volume/sequential designation 1
504 ## - BIBLIOGRAPHY, ETC. NOTE
Bibliography, etc Includes bibliographical references and index.
650 #0 - SUBJECT ADDED ENTRY--TOPICAL TERM
Topical term or geographic name as entry element Abrasives.
9 (RLIN) 35576
Topical term or geographic name as entry element Grinding and polishing.
9 (RLIN) 35577
942 ## - ADDED ENTRY ELEMENTS (KOHA)
Source of classification or shelving scheme Dewey Decimal Classification
Koha item type Books
Holdings
Lost status Source of classification or shelving scheme Damaged status Not for loan Collection code Permanent Location Current Location Shelving location Date acquired Source of acquisition Cost, normal purchase price Total Checkouts Full call number Date last seen Copy number Koha item type
  Dewey Decimal Classification   Not For Loan Non-fiction Central Library, University of Rajshahi Central Library, University of Rajshahi Reading Room 31/05/1979 Heffer and Sons 15.30   553.65 COA 1971 27/01/2014 C-1 Books
  Dewey Decimal Classification     Non-fiction Central Library, University of Rajshahi Central Library, University of Rajshahi   31/05/1979 Heffer and Sons 15.30   553.65 COA 1971 21/05/2017 C-2 Books